Central-Library-PUMHS

Online Public Access Catalogue

Welcome to PUMHS Central Library Nawabshah, SBA

Clinical Anatomy by Regions (Record no. 37900)

000 -LEADER
fixed length control field 00269nam a22001337a 4500
022 ## - INTERNATIONAL STANDARD SERIAL NUMBER
ISSN 611 WIN
100 ## - MAIN ENTRY--AUTHOR NAME
Personal name Wineski Lawrence
245 ## - TITLE STATEMENT
Title Clinical Anatomy by Regions
250 ## - EDITION STATEMENT
Edition statement 10th Edition
260 ## - PUBLICATION, DISTRIBUTION, ETC. (IMPRINT)
Year of publication 2019
300 ## - PHYSICAL DESCRIPTION
Number of Pages 804
650 ## - SUBJECT ADDED ENTRY--TOPICAL TERM
Topical Term Anatomy
942 ## - ADDED ENTRY ELEMENTS (KOHA)
Koha item type Books
Holdings
Withdrawn status Lost status Permanent Location Current Location Shelving location Date acquired Source of acquisition Cost, normal purchase price Full call number Accession Number Koha item type
    Central Library New Campus PUMHS Nawabshah,(SBA) Central Library New Campus PUMHS Nawabshah,(SBA) Anatomy 2026-03-05 M/S Allied Bill No:A-25050055 Date:13-05-25 4857.27 611 WIN 41193 Ref Books

Copyright © 2018,The PUMHSW, Nawabshah, Shaheed Benazirabad. All rights reserved
Mr. Abdul Sattar Mahar (Chief Librarian) PUMHSW, Nawabshah, Sindh, Pakistan 67480.
Ph#: | 0244-9370425 Ext. 2241 Email| librarian@pumhs.edu.pk Web| http://www.pumhs.edu.pk
سنڌي ڪي بورڊ